Normal view MARC view

Entry Meeting Name

Number of records used in: 1

001 - CONTROL NUMBER

  • control field: 16911

003 - CONTROL NUMBER IDENTIFIER

  • control field: OSt

005 - DATE AND TIME OF LATEST TRANSACTION

  • control field: 20211105134106.0

008 - FIXED-LENGTH DATA ELEMENTS

  • fixed length control field: 211105|| aca||aabn | a|a d

040 ## - CATALOGING SOURCE

  • Original cataloging agency: OSt
  • Transcribing agency: OSt

111 ## - HEADING--MEETING NAME

  • Meeting name or jurisdiction name as entry element: ESLAB Symposium on Two Topics in X-Ray Astronomy, vol. 2
  • Number of part/section/meeting: 23rd
  • Location of meeting: Bologna, Italy
  • Date of meeting or treaty signing: 1989 Sep. 13-20

670 ## - SOURCE DATA FOUND

  • Source citation: Work cat.: (OSt): ESLAB Symposium on Two Topics in X-Ray Astronomy, vol. 2 23rd Bologna, Italy 1989 Sep. 13-20, AGN and X-Ray background, 1989

Powered by Koha